00375nam a2200145Ia 4500008004100000020001400041041000800055082002000063100002200083245004700105250000600152260003800158300001000196650002300206210716s1995 xx 000 0 und d a084425806 aeng a658.800285 PARD aParmerlee, David. aDeveloping sucessful marketing strategies: a1 aChicagobNTC Business Booksc1995 ax,182 aMarketing Strategy